000 00287nam a22001337a 4500
008 170623b xxu||||| |||| 00| 0 eng d
020 _a9780073527161
041 _aeng
080 _212TH
_a32
100 _a21
101 _aSHP
245 _aTAKING SIDES
_cROURKE,J.T
942 _2udc
_cBK
999 _c18961
_d18961